00000000cam 2200000zi 4500
0019.957924
003CaOODSP
00520260605141042
006m     o  d f      
007cr |n|||||||||
008251203e199004  onc     ob   f000 0 eng d
040 |aCaOODSP|beng|erda|cCaOODSP
043 |an-cn---
0861 |aJS82-109/1990E-PDF
1102 |aCorrectional Service Canada. |bTask Force on Federally Sentenced Women, |eauthor, |eissuing body.
24510|aCreating choices : |bthe report of the Task Force on Federally Sentenced Women.
264 1|a[Ottawa] : |b[Correctional Service of Canada], |cApril 1990.
300 |a1 online resource (159 pages)
336 |atext|btxt|2rdacontent
337 |acomputer|bc|2rdamedia
338 |aonline resource|bcr|2rdacarrier
500 |aDigitized edition from print [produced by Public Safety Canada].
500 |aIssued also in French under title: La création de choix : rapport du Groupe d'étude sur les femmes purgeant une peine fédérale.
504 |aIncludes bibliographical references.
650 0|aReformatories for women|zCanada.
650 0|aWomen prisoners|zCanada.
650 0|aFemale offenders|xRehabilitation|zCanada.
7102 |aCorrectional Service Canada, |eissuing body
77508|tLa création de choix : |w(CaOODSP)9.963353
85640|qPDF|s4.83 MB|uhttps://publications.gc.ca/collections/collection_2026/sp-ps/JS82-109-1990-eng.pdf